| 000 | 00499nas a2200133 a 4500 | ||
|---|---|---|---|
| 008 | 131003c99999999||||||||||||||||| || u | ||
| 022 | _a22003835 | ||
| 050 | _aPER/ET/SOM | ||
| 245 | 0 | 0 | _aEndocrinology today: peer reviewed updates for medical practitioners |
| 260 | _aSydney | ||
| 362 | 1 | _a<p>2013(Vol.2/No.1,2)</p> | |
| 650 | _aENDOCRINOLOGY--PERIODICALS | ||
| 995 |
_aSERIALS _eVol.2/No.1-2013 _FCBU-SCHOOL OF MEDICINE LIBRARY (Ndola) _jPER/ET/SOM _M1 _UAVAILABLE _WOct 3, 2013 _y22001321 _ZSerial (Print) |
||
| 999 |
_c31342 _d31342 |
||